Historia militar y política de Zumalacárregui / (Record no. 96113)

MARC details
000 -LEADER
campo de control de longitud fija 00772nam a2200205 i 4500
001 - NÚMERO DE CONTROL
campo de control 96113
003 - IDENTIFICADOR DE NÚMERO DE CONTROL
campo de control ES-MaACL
005 - FECHA Y HORA DE LA ÚLTIMA TRANSACCIÓN
campo de control 20251120140034.0
007 - CAMPO FIJO DE DESCRIPCIÓN FÍSICA--INFORMACIÓN GENERAL
campo de control de longitud fija t|
008 - DATOS DE LONGITUD FIJA--INFORMACIÓN GENERAL
campo de control de longitud fija 050610s1941 sp ||||1| spa d
100 1# - ENTRADA PRINCIPAL--NOMBRE DE PERSONA
Nombre de persona Madrazo, Francisco de Paula.
9 (RLIN) 75338
245 10 - MENCIÓN DEL TÍTULO
Título Historia militar y política de Zumalacárregui /
Mención de responsabilidad, etc. por D. Francisco de Paula Madrazo; con prólogo y notas de Jesús Evaristo Díaz Casariego.
260 ## - PUBLICACIÓN, DISTRIBUCIÓN, ETC.
Lugar de publicación, distribución, etc. Valladolid :
Nombre del editor, distribuidor, etc. Santarén,
Fecha de publicación, distribución, etc. 1941.
300 ## - DESCRIPCIÓN FÍSICA
Extensión IX, 11-458 p. :
Otras características físicas il. ;
Dimensiones 22 cm.
600 14 - PUNTO DE ACCESO ADICIONAL DE MATERIA--NOMBRE DE PERSONA
Nombre de persona Zumalacárregui, Tomás de,
Fechas asociadas al nombre 1788-1835
9 (RLIN) 118483
651 #4 - PUNTO DE ACCESO ADICIONAL DE MATERIA--NOMBRE GEOGRÁFICO
Nombre geográfico España-
Subdivisión general Historia-
Subdivisión cronológica 1833-1840, Guerra carlista
9 (RLIN) 8250
700 1# - ENTRADA AGREGADA--NOMBRE PERSONAL
Nombre de persona Casariego, J. E.,
Fechas asociadas al nombre 1913-1990
9 (RLIN) 36176
852 ## - LOCALIZACIÓN
Ubicación ES-MaACL
Número de control de estantería B-10449
Sublocalización o colección R.22092
Holdings
Estatus retirado Estado de pérdida Estado de daño No para préstamo Biblioteca de origen Biblioteca actual Ubicación en estantería Fecha de adquisición Fuente de adquisición Total de préstamos Signatura topográfica completa Código de barras Visto por última vez Precio de reemplazo Tipo de ítem Koha
        Biblioteca del Ateneo de Madrid Biblioteca del Ateneo de Madrid Sala Pardo Bazán 17/01/2008     B-10449 1100349 23/02/2023 23/02/2023 Libro impreso